Lịch sử tư tưởng kinh tế; T2 - Các tác giả đương đại = Histoire des pensées économiques: Les contemporains
Wedi'i Gadw mewn:
| Prif Awdur: | |
|---|---|
| Fformat: | Llyfr |
| Iaith: | Undetermined |
| Cyhoeddwyd: |
Hà Nội
KHXH
1996
|
| Pynciau: | |
| Tagiau: |
Ychwanegu Tag
Dim Tagiau, Byddwch y cyntaf i dagio'r cofnod hwn!
|
| Thư viện lưu trữ: | Trung tâm Học liệu Trường Đại học Cần Thơ |
|---|
| LEADER | 00602nam a2200181Ia 4500 | ||
|---|---|---|---|
| 001 | CTU_16825 | ||
| 008 | 210402s9999 xx 000 0 und d | ||
| 082 | |a 330.153 | ||
| 082 | |b L302/T2 | ||
| 100 | |a Maurice Baslé et al. | ||
| 245 | 0 | |a Lịch sử tư tưởng kinh tế; T2 - Các tác giả đương đại | |
| 245 | 0 | |b = Histoire des pensées économiques: Les contemporains | |
| 245 | 0 | |c Maurice Baslé et al. | |
| 260 | |a Hà Nội | ||
| 260 | |b KHXH | ||
| 260 | |c 1996 | ||
| 650 | |a classical school of economics | ||
| 980 | |a Trung tâm Học liệu Trường Đại học Cần Thơ | ||